00692nam a2200229 4500001000700000003000900007005001700016007000300033008004100036100001400077245008000091260004900171300002200220490003800242505004600280700002500326740001300351740001300364740001700377830003800394852003000432121641ES-MaACL20230906191806.0t|070214s1936 sp r ||||1| spa d0 aPlatón.10aDiálogos dogmáticos / cPlatón ; traducido por D. Luis Roig de Lluis. aMadrid : b[s. n.], c1936 (fImp. L. Rubio) a326 p. ; c17 cm.1 aObras completas de Platón ; v58 aContiene: Fedón ; Gorgias ; El banquete1 aRoig de Lluis, Luis.0 aFedón.0 aGorgias.0 aEl banquete.0 aObras completas de Platón ; v5 aES-MaACLjE-516 bR.18484